Luftfracht (Titelsatznr. 80206)
[ MARC ]
| 000 -Satzkennung | |
|---|---|
| Kontrollfeld mit fester Länge | 01182nam a2200397 c 4500 |
| 001 - Kontrollnummer | |
| Kontrollfeld | 1008948098 |
| 003 - Kontrollnummer Identifier | |
| Kontrollfeld | DE-101 |
| 005 - Datum und Zeit der letzten Transaktion | |
| Kontrollfeld | 20201130122242.0 |
| 007 - Feld mit fester Länge zur physischen Beschreibung - Allgemeine Information | |
| Kontrollfeld mit fester Länge | tu |
| 008 - Feld mit fester Länge zur physischen Beschreibung - Allgemeine Angaben | |
| Kontrollfeld mit fester Länge | 101208s2010 gw ||||| |||| 00||||ger |
| 015 ## - Nummer der Nationalbibliografie | |
| Nummer der Nationalbibliografie | 10,B51 |
| Quelle | dnb |
| 016 7# - Kontrollnummer der nationalbibliografischen Agentur | |
| Quelle | DE-101 |
| Datensatzkontrollnummer | 1008948098 |
| 020 ## - Internationale Standardbuchnummer | |
| Internationale Standardbuchnummer | 9783000323560 |
| Bezugsbedingungen | kart. : EUR 23.00 (DE) |
| 035 ## - Systemkontrollnummer | |
| System-Kontrollnummer | (DE-599)DNB1008948098 |
| 035 ## - Systemkontrollnummer | |
| System-Kontrollnummer | (OCoLC)694890747 |
| 040 ## - Katalogisierungsquelle | |
| Original-Katalogisierungsstelle | 1239 |
| Katalogisierungssprache | ger |
| Übertragungsstelle | DE-101 |
| Bearbeitungsstelle | StAFF |
| 041 ## - Sprachcode | |
| Sprachcode des Textes/der Tonspur oder des separaten Titels | ger |
| 044 ## - Ländercode der veröffentlichenden/herstellenden Stelle | |
| ISO-Ländercode | XA-DE |
| 082 04 - Notation nach der Dewey Decimal Classification | |
| Feldverknüpfung und Reihenfolge | 2\u |
| Notation | 387.744092 |
| Zuweisende Stelle | DE-101 |
| Ausgabenummer | 22/ger |
| 083 7# - Zusätzliche DDC-Notation | |
| Notation | 380 |
| Zuweisende Stelle | DE-101 |
| Ausgabenummer | 22sdnb |
| 085 ## - Synthetische Notation und ihre Bestandteile | |
| Feldverknüpfung und Reihenfolge | 2\u |
| Base number | 387.744 |
| 085 ## - Synthetische Notation und ihre Bestandteile | |
| Feldverknüpfung und Reihenfolge | 2\u |
| Table identification | 1 |
| Digits added from classification number in schedule or external table | 092 |
| 090 ## - LOCALLY ASSIGNED LC-TYPE CALL NUMBER (OCLC); LOCAL CALL NUMBER (RLIN) | |
| Notation (OCLC) (R) ; Notation, CALL (RLIN) (NR) | b |
| 100 1# - Haupteintragung - Personenname | |
| Feldverknüpfung und Reihenfolge | 1\p |
| Personenname | Mosler, Günter F. |
| Funktionsbezeichnung | Verfasser |
| Code für Beziehungskennzeichnung | aut |
| 245 10 - Titel | |
| Titel | Luftfracht |
| Verfasserangabe etc. | Günter F. Mosler erzählt |
| Zusatz zum Titel | Made in Germany |
| 250 ## - Ausgabebezeichnung | |
| Ausgabebezeichnung | 1. Aufl. |
| 264 #1 - Produktion, Veröffentlichung, Distribution, Herstellung und Urheberrechtsvermerk | |
| Herstellungs-, Veröffentlichungs- Vertriebs-, Erzeugungsort | Frankfurt, M., Stresemannallee 65 |
| Produzent, Herausgeber, Distributor, Hersteller | G. F. Mosler |
| Datum der Herstellung, der Veröffentlichung, des Vertriebs oder des Urheberschutzvermerks | 2010 |
| 300 ## - Physische Beschreibung | |
| Umfang | 210 S. |
| Andere physische Details | Ill. |
| Maße | 21 cm |
| 336 ## - Inhaltstyp | |
| Inhaltstypterm | Text |
| Inhaltstypcode | txt |
| Quelle | rdacontent |
| 337 ## - Medientyp | |
| Bezeichnung des Medientyps | ohne Hilfsmittel zu benutzen |
| Medientypcode | n |
| Quelle | rdamedia |
| 338 ## - Datenträgertyp | |
| Datenträgertypbezeichnung | Band |
| Datenträgertypcode | nc |
| Quelle | rdacarrier |
| 883 2# - Maschinell generierte Metadatenprovenienz | |
| Feldverknüpfung und Reihenfolge | 1\p |
| Generierungsprozess | dnb |
| Erstellungsdatum der Kopie | 20200610 |
| Einrichtung, welche die Kopien erstellt hat | DE-101 |
| URL | https://d-nb.info/provenance/plan#dnb |
| 942 ## - Zusätzliche Felder (Koha) | |
| Klassifikation oder Aufstellungssystematik | Andere/Generische Klassifikation |
| Koha-Medientyp | Bücher |
| Ausgeschieden | Verloren | Klassifikation oder Aufstellungssystematik | Beschädigt | Nicht entleihbar | Heimatbibliothek | Aufenthaltsbibliothek | Aufstellungsort | Erwerbungsdatum | Kodierter Standort-Qualifier | Anzahl Ausleihen | Signatur | Letzte Aktivität | Exemplarnummer | Preis gültig von | Koha-Medientyp | OPAC-Notiz |
|---|---|---|---|---|---|---|---|---|---|---|---|---|---|---|---|---|
| Andere/Generische Klassifikation | Stadtarchiv Frankfurt (Oder) | Archivbibliothek | Stadtarchiv Frankfurt (Oder) | Archivbibliothek | Magazin | 30/11/2020 | M | II: 4979 | 30/11/2020 | 193/2020 | 30/11/2020 | Bücher | OB Büro/ Widmung und Brief |